The Journeys of a Taymiyyan Sufi : Sufism through the Eyes of ʿImād al-Dīn Aḥmad al-Wāsiṭī (d. 711/1311) /

The Journeys of a Taymiyyan Sufi examines the life and doctrine of ʿImād al-Dīn Aḥmad al-Wāsiṭī (d. 711/1311), a little-known Ḥanbalī Sufi master from the circle of Ibn Taymiyya (d. 728/1328). The first part of this book follows al-Wāsiṭī's physical journey in search of spiritual guidance throu...

وصف كامل

محفوظ في:

المؤلف الرئيسي: Post, Arjan (مؤلف)

التنسيق: كتاب الكتروني

اللغة: English

منشور في: Leiden; Boston : BRILL, 2020.

سلاسل: Studies on Sufism ; 6.
Middle East and Islamic Studies E-Books Online, Collection 2020, ISBN: 9789004405868.

الموضوعات:

الوصول للمادة أونلاين: Login to view Source

الوسوم: إضافة وسم

لا توجد وسوم, كن أول من يضع وسما على هذه التسجيلة!

رقم الطلب: BP189

LEADER 03243nam a22004811i 4500
001 BRILL9789004377554
003 nllekb
005 20211118221632.0
006 m d
007 cr un uuuua
008 200407s2020 ne sb 001 0 eng d
020 |a 9789004377554  |q (electronic book) 
020 |a 9789004431294  |q (print) 
024 7 |a 10.1163/9789004377554  |2 DOI 
035 |z (OCoLC)1143643682 
040 |a NL-LeKB  |c NL-LeKB  |e rda 
050 4 |a BP189 
072 7 |a HRHX  |2 bicssc 
072 7 |a REL  |x 090000  |2 bisacsh 
082 0 4 |a 297.4  |2 23 
100 1 |a Post, Arjan,  |e author. 
245 1 4 |a The Journeys of a Taymiyyan Sufi :  |b Sufism through the Eyes of ʿImād al-Dīn Aḥmad al-Wāsiṭī (d. 711/1311) /  |c Arjan Post. 
246 3 |a Sufism through the Eyes of ʿImād al-Dīn Aḥmad al-Wāsiṭī (d. 711/1311) 
264 1 |a Leiden;   |a Boston :  |b BRILL,  |c 2020. 
300 |a 1 online resource. 
336 |a text  |b txt  |2 rdacontent 
337 |a computer  |b c  |2 rdamedia 
338 |a online resource  |2 rdacarrier 
490 1 |a Studies on Sufism ;  |v 6 
490 1 |a Middle East and Islamic Studies E-Books Online, Collection 2020, ISBN: 9789004405868 
505 0 |a Introduction -- Part I. The Physical Journey (al-Riḥla) -- Introduction: al-Wāsiṭī's Biography -- Chapter 1. Leaving Home, Bastion of the Spectacular Rifāʿīs -- Chapter 2. Scholastic Sufism of the Alexandrian Shādhiliyya -- Chapter 3. The Final Steps: From Heretics to the Saved Sect -- Part II. The Spiritual Journey (al-Sulūk) -- Introduction: Sulūk as Sufism -- Chapter 4. Traditionalist Sufism: Outlining the Foundations of the Journey -- Chapter 5. Progressing Towards the Beloved Through the Degrees of Witnessing -- Conclusion -- Bibliography -- Index. 
520 |a The Journeys of a Taymiyyan Sufi examines the life and doctrine of ʿImād al-Dīn Aḥmad al-Wāsiṭī (d. 711/1311), a little-known Ḥanbalī Sufi master from the circle of Ibn Taymiyya (d. 728/1328). The first part of this book follows al-Wāsiṭī's physical journey in search of spiritual guidance through a critical study of his autobiographical writings. This provides unique insights into several important manifestations of Sufism that he encountered as he travelled from Wāsiṭ to Baghdad, Alexandria, Cairo, and finally, Damascus. The second part focuses on his spiritual journey through a study of his Sufi writings, which convey a distinct type of Sufism that was specifically formulated within the boundaries of traditionalist theology as he understood it. 
588 |a Description based on print version record. 
650 0 |a Mysticism  |x Islam. 
650 0 |a Sufism. 
650 0 |a Sufi poetry. 
776 0 8 |i Print version:  |t The Journeys of a Taymiyyan Sufi: Sufism through the Eyes of ʿImād al-Dīn Aḥmad al-Wāsiṭī (d. 711/1311),   |d Leiden Boston : BRILL, 2020  |z 9789004431294 
830 0 |a Studies on Sufism ;  |v 6. 
830 0 |a Middle East and Islamic Studies E-Books Online, Collection 2020, ISBN: 9789004405868. 
856 4 |z DOI:   |u http://dx.doi.org/10.1163/9789004377554 
942 |2 lcc  |c EBOOK 
952 |0 0  |1 0  |2 lcc  |4 0  |7 1  |9 22480  |a BRILL  |b BRILL  |d 2021-11-18  |l 0  |r 2021-11-18 00:00:00  |w 2021-11-18  |y EBOOK 
999 |c 39954  |d 39954